|
|
|
|
| LEADER |
00000nam0a2200000 4500 |
| 001 |
145206 |
| 005 |
20231031144000.0 |
| 029 |
1 |
0 |
|a RU
|b 1920-88
|c МИ
|
| 035 |
|
|
|a (RuTPU)RU\TPU\book\157402
|
| 035 |
|
|
|a RU\TPU\book\150785
|
| 090 |
|
|
|a 145206
|
| 100 |
|
|
|a 20081014d1988 k a0rusy50 ca
|
| 101 |
0 |
|
|a rus
|
| 102 |
|
|
|a RU
|
| 105 |
|
|
|a y l 000zy
|
| 122 |
2 |
|
|a d2007121020
|a d2007121020
|
| 200 |
1 |
|
|a Государственная поверочная схема для средств измерений параметров отклонений формы и расположения поверхностей вращения
|a Рекомендация. МИ 1920-88
|f СССР, Государственный комитет по стандартам (Госстандарт)
|
| 205 |
|
|
|a Изд. офиц.
|
| 210 |
|
|
|a Москва
|c Изд-во стандартов
|d 1988
|
| 215 |
|
|
|a 6 с.
|
| 225 |
1 |
|
|a Государственная система обеспечения единства измерений
|
| 229 |
|
|
|a Утверждена Постановлением Государственного комитета СССР по стандартам от 07.07.88 № 59
|a Взамен ГОСТ 8.474-82
|
| 610 |
1 |
|
|a МИ
|
| 610 |
1 |
|
|a методика
|
| 610 |
1 |
|
|a поверки
|
| 610 |
1 |
|
|a рекомендации
|
| 610 |
1 |
|
|a поверочные схемы
|
| 610 |
1 |
|
|a средства измерений
|
| 610 |
1 |
|
|a параметры
|
| 610 |
1 |
|
|a отклонения
|
| 610 |
1 |
|
|a формы
|
| 610 |
1 |
|
|a расположение
|
| 610 |
1 |
|
|a поверхности
|
| 610 |
1 |
|
|a вращения
|
| 675 |
|
|
|a 531(083)
|v 3
|
| 712 |
0 |
1 |
|a СССР
|b Государственный комитет по стандартам (Госстандарт)
|c (1978-1989)
|2 stltpush
|3 (RuTPU)RU\TPU\col\12454
|
| 801 |
|
1 |
|a RU
|b 63413507
|c 20080530
|g PSBO
|
| 801 |
|
2 |
|a RU
|b 63413507
|c 20221207
|g PSBO
|
| 942 |
|
|
|c BK
|